Zapojování elektroměrů pro přímé měření

Bibliographic Details
Main Author: Slavík, Gabriel, -1966 (Author)
Format: Book
Language:Czech
Published: Praha Státní nakladatelství technické literatury 1966
Subjects:

MARC

LEADER 00000nam a2200000 a 4500
001 vtls001356964
003 SK-MaSNL
005 20260301114952.0
008 240314s1966 xr f 00000 cze
035 |a SNK000310455 
040 |a SNK  |b slo  |c SNK  |e AACR2 
041 0 |a cze 
072 7 |a 681  |x Presná mechanika a prístroje. Hudobné nástroje  |2 konspekt 
080 |a 681.2  |2 2011 
080 |a (035)  |2 2011 
100 1 |a Slavík, Gabriel,  |d -1966  |4 aut  |9 459220 
245 1 0 |a Zapojování elektroměrů pro přímé měření  |c Gabriel Slavík 
260 |a Praha  |b Státní nakladatelství technické literatury  |c 1966 
300 |a 72 s. 
650 0 7 |a elektrické meracie prístroje  |2 SNKPH  |9 3584 
650 0 7 |a Measuring instruments  |2 SNKPHeng  |9 326321 
655 7 |a príručky  |2 SNKPH  |9 74364 
655 7 |a Handbooks, manuals, etc.  |2 SNKPHeng  |9 90964 
852 |a Štátna vedecká knižnica v Banskej Bystrici 
958 |a OND 
999 |c 720438  |d 722368 
952 |t P60, <04>, [BOOK], {604}  |a SNK  |b SNK  |y VYP  |7 0  |p 17A0184977  |o snkID 41287  |0 0  |1 0  |4 0  |d 1999-03-05  |l 0  |r 2005-01-02 00:00:00  |w 2026-02-23